Personnalités politiques françaises A-Y par image - Statistiques

Statistiques générales
  • Ce quiz a été pris 126 fois
  • Le résultat moyen est 19 sur 25
Statistiques - réponses
Par images Hint Réponse % Correct
C Charles de Gaulle
100%
E Emmanuel Macron
100%
N Nicolas Sarkozy
99%
M Marine Le Pen
98%
F François Mitterrand
97%
G Georges Pompidou
96%
J Jean Lassalle
96%
V Valéry Giscard d'Estaing
94%
R Rachida Dati
93%
B Bruno Retailleau
89%
S Ségolène Royal
88%
P Philippe Poutou
87%
O Olivier Faure
86%
X Xavier Bertrand
86%
D Dominique de Villepin
85%
A Alain Juppé
80%
L Lionel Jospin
80%
Y Yannick Jadot
70%
I Isabelle Balkany
66%
Q Quentin Bataillon
60%
U Ugo Bernalicis
40%
K Karl Olive
34%
T Théo Bernhardt
26%
H Henry Gasquet
19%
W Willy Schraen
19%
Aucun quiz correspondant
Distribution des résultats
% des personnes avec chaque résultat
Percentile par nombre de réponses
Votre historique - résultats
Vous n’avez pas pris ce quiz